000 01891nam0a2200385 4500
001 RU\NLR\bibl\1342525
005 20260407043343.0
010 _a978-5-696-03805-6
_9130
021 _aRU
_b2009-579
_934
035 _a(nilc)EL/0000237528
035 _aRSL-KNO-004228799
035 _a(NLR Aleph) 001327677
090 _a780264
_c780264
100 _a20090112d2008 |||y0rusy50 ca
101 0 _arus
102 _aRU
105 _ay |||||||||
200 1 _aСовременная психодиагностика в изменяющейся России
_eсборник тезисов Всероссийской научной конференции, [9-10 сентября 2008 г., г. Челябинск]
_fотв. ред. Н.А. Батурин
210 _aЧелябинск
_cИзд-во ЮУрГУ
_d2008
215 _a203, [1] с.
_d21
300 _aВ надзаг.: М-во образования и науки Рос. Федерации, Федер. агентство по образованию, Юж.-Урал. гос. ун-т, Фак. психологии
300 _aПосвящ. 65-летию Юж.-Урал. гос. ун-та
606 1 _aПсиходиагностика
_jСъезды, совещания и т.п.
_91531537
_3RU\NLR\auth\66666931
686 _aЮ9с27я431(2)
_2rubbk
686 _aЮ93в6я431
702 1 _aБатурин
_bН. А.
_gНиколай Алексеевич
_4340
712 0 2 _aЮжно-Уральский государственный университет
_cЧелябинск
_bФакультет психологии
_3RU\NLR\AUTH\8810015788
_9529436
801 0 _aRU
_bЧелябинская ОУНБ
_c20090112
801 1 _aRU
_bЧелябинская ОУНБ
_c20090112
_2rusmarc
801 2 _aRU
_bNLR
_c20090318
_grcr
830 _aред. по ЭК
942 _cBOOK
980 _aNB
980 _aNBR